Heat and Thermodynamics / (Record no. 172035)
[ view plain ]
| 000 -CABECERA | |
|---|---|
| campo de control de longitud fija | 00603nam a2200229Ia 4500 |
| 001 - NÚMERO DE CONTROL | |
| campo de control | dia_1494 |
| 003 - IDENTIFICADOR DEL NÚMERO DE CONTROL | |
| campo de control | CHAP |
| 005 - FECHA Y HORA DE LA ÚLTIMA TRANSACCIÓN | |
| campo de control | 20251021144946.0 |
| 008 - DATOS DE LONGITUD FIJA--INFORMACIÓN GENERAL | |
| campo de control de longitud fija | 220117s1943 xx 000 0 und d |
| 010 ## - NÚMERO DE CONTROL DE LA BIBLIOTECA DEL CONGRESO | |
| Número de control de LC | 172035 |
| 040 ## - FUENTE DE LA CATALOGACIÓN | |
| Centro/agencia transcriptor | CHAP |
| 082 ## - NÚMERO DE LA CLASIFICACIÓN DECIMAL DEWEY | |
| Número de clasificación | 621.01 Z3 |
| 100 ## - ENTRADA PRINCIPAL--NOMBRE DE PERSONA | |
| Nombre de persona | Zemansky, M.N. |
| 9 (RLIN) | 150867 |
| 245 ## - MENCIÓN DE TÍTULO | |
| Título | Heat and Thermodynamics / |
| Mención de responsabilidad, etc. | by M.N. Zemansky |
| 260 ## - PUBLICACIÓN, DISTRIBUCIÓN, ETC. | |
| Lugar de publicación, distribución, etc. | New York. Mcgraw-Hill |
| Fecha de publicación, distribución, etc. | 1943 |
| 300 ## - DESCRIPCIÓN FÍSICA | |
| Extensión | 390 p. |
| 650 ## - PUNTO DE ACCESO ADICIONAL DE MATERIA--TÉRMINO DE MATERIA | |
| Término de materia o nombre geográfico como elemento de entrada | 1.Termodinámica. |
| 9 (RLIN) | 146979 |
| 901 ## - ELEMENTOS DE DATOS A LOCAL LDA (RLIN) | |
| a | 621.01 Z3 |
| 902 ## - ELEMENTOS DE DATOS B LOCAL, LDB (RLIN) | |
| a | M |
| 905 ## - ELEMENTOS DE DATOS E LOCAL, LDE (RLIN) | |
| a | 0000001943 NY X 0000000000ING00 |
| 942 ## - ELEMENTOS DE PUNTO DE ACCESO ADICIONAL (KOHA) | |
| Tipo de ítem Koha | Libro |
| Fuente del sistema de clasificación o colocación | Dewey Decimal Classification |
| Estado de retiro | Estado de pérdida | Fuente del sistema de clasificación o colocación | Estado dañado | No para préstamo | Código de colección | Localización permanente | Ubicación/localización actual | Ubicación en estantería | Fecha de adquisición | Información codificada de la localización en otra ubicación | Total de préstamos | Código de barras | Fecha visto por última vez | Fecha del último préstamo | Número de copia | Precio válido a partir de | Tipo de ítem Koha |
|---|---|---|---|---|---|---|---|---|---|---|---|---|---|---|---|---|---|
| Dewey Decimal Classification | General | Ingenieria Agroindustrial | Ingenieria Agroindustrial | 18/01/2022 | 1 | 1 | dia_1027 | 10/06/2024 | 10/06/2024 | 1 | 18/01/2022 | Libro |
